000 00227nam a2200085Ia 4500
245 0 _aRoaring Range
100 _a HOLMES, L P Bath, 2009 Large print ed
_974045
942 _cBK
008 210817s9999 xx 000 0 und d
999 _c299498
_d299497